000 00510nam a2200193 i 4500
001 59803
003 ES-MaACL
005 20230906164112.0
007 t|
008 031030s1978 sp ||||1| spa d
100 1 _aEngels, Friedrich.
_947225
245 1 0 _aDialéctica de la naturaleza /
_cFederico Engels.
260 _a[Madrid] :
_bAkal,
_c[1978]
300 _a326 p. ;
_c18 cm.
490 1 _aAkal ;
_v74
830 0 _aAkal ;
_v74
_9180805
852 _aES-MaACL
_jA-8246
_bR.97428
999 _c59803
_d59803